Multiple Choice - General Knowledge 1 - Statistics

General Stats
  • This quiz has been taken 2,006 times
  • The average score is 7 of 20
Answer Stats
Question Answer % Correct
Kingston is the capital city of which Country? Jamaica
83%
The heaviest bone in the human skeleton is? Femur
72%
What is Halloumi? A Cheese originating in Cyprus
70%
Which author wrote the Pirate story 'Treasure Island'? Robert Louis Stevenson
70%
(Monte Rosa) Dufourspitze 4,634 m (15,203 Ft) is the Highest Mountain Peak in which European Country:? Switzerland
38%
Which of these Capital Cities is farthest North? Tripoli
38%
Which composer wrote the well know work 'Bolero'? Maurice Ravel
36%
Approximately how long does it take Light to travel from Earth to Mars? 3 minutes 5 seconds
34%
What is Quetzalcoatlus? An extinct flying Reptile
34%
The Capital City of Equatorial Guinea is? Malabo
31%
In Greek Mythology, Who killed Achilles? Paris
31%
Which great Musical Composer was a Pallbearer at Beethoven's funeral 1827? Schubert
29%
What Aircraft made the first Commercial Jet Flight on May 2nd 1952 ? De havilland Comet. (UK)
26%
In what year was the building of Notre Dame Cathedral completed? 1345
24%
Which of these locations is the 'Odd Man Out'? The Kabul Arg
23%
What is the average flow of the Amazon River per second? 175,000 cubic metres per second
22%
If you travel due North from Muscat, Oman, which Country do you reach first? Iran
18%
For what is Sir George Cayley famous (born 1773, Yorkshire, d. 1854) ? Aviation Engineering and Navigation
15%
What well known mammal is 'Meles meles' the scientific name? European Badger
15%
Which Element makes up about 65% of the human bodies weight? Oxygen
13%
No matching quizzes found
Score Distribution
Percent of People with Each Score
Percentile by Number Answered
Your Score History
You have not taken this quiz